[Event "EU-ch 12th"]
[Site "Aix les Bains"]
[Date "2011.03.28"]
[Round "7"]
[White "Navara, David"]
[Black "Popov, Ivan1"]
[Result "1-0"]
[WhiteElo "2722"]
[BlackElo "2613"]
[Annotator "Marchand,A/Primel,D"]
[PlyCount "83"]
[EventDate "2011.03.22"]
[EventType "swiss"]
[EventRounds "11"]
[EventCountry "FRA"]
[SourceTitle "CBM 142 Extra"]
[Source "ChessBase"]
[SourceDate "2011.06.27"]
[SourceVersion "1"]
[SourceVersionDate "2011.06.27"]
[SourceQuality "1"]
[TimeControl "40/5400+30:1800+30"]

1. c4 c5 2. Nf3 g6 3. e4 Bg7 4. d4 cxd4 5. Nxd4 Nc6 6. Be3 Nf6 7. Nc3 d6 (7...
O-O 8. Be2 b6 (8... d6 {Retombe sur la partie}) 9. O-O Bb7 10. f3 e6 {[%cal
Gd7d5]} 11. Qd2 d5 12. Nxc6 Bxc6 13. cxd5 exd5 14. e5 {[%csl Rc6]} Ne8 15. f4
$14) 8. Be2 O-O 9. O-O {92} Nxd4 {86} (9... Bd7 {[%cal Gc6d4,Gd7c6] La grande
ligne mais dans cet ordre de coups, les Blancs ont l'option supplémentaire de
replier le N comme dans la première partie} 10. Nb3 $5 {[%csl Rd7]} (10. Nc2 $5
{[%csl Rd7];Navara,D (2722)-Colin,V (2427) EU-ch 12th Aix-Les-Bains 2011 (1) 1/
2}) (10. Qd2 Nxd4 11. Bxd4 Bc6 12. f3 Nd7 (12... a5 13. b3 Nd7 14. Be3 (14. Bf2
Nc5 15. Rab1 Qb6 16. Rfc1 Rfc8 17. Bd1 (17. Rc2 Qd8 18. Nb5 Qf8 {[%cal Gg7h6]}
19. Be3 {Hernandez,G (2555)-Shchekachev,A (2500) Ibercaja op-A 1996 (7) 1/2})
17... Qb4 18. Qc2 a4 $132 {Tunik,G (2505)-Savchenko,B (2484) RUS Cup Qualifier
5 blitz 2004 1/2}) 14... Nc5 15. Rab1 Qb6 16. Rfc1 Rfc8 (16... Qb4 17. Rc2 Rfc8
18. Qc1 $14) 17. Rc2 Qd8 18. Bf1 h5 19. Nd5 Kh7 20. Bg5 $1 Bxd5 21. exd5 {
[%csl Re7][%cal Gb1e1]} Qf8 22. Re1 $14 {Fridman,D (2577)-Felgaer,R (2509)
Monarch Assurance 11th 2002 (8) 1-0}) 13. Be3 Nc5 14. Rab1 {[%cal Gb2b4]})) (
9... Nd7 10. Qd2 Nxd4 (10... Nc5 $142) 11. Bxd4 Bxd4 12. Qxd4 Qb6 13. Qd2 $1 {
Comme les Blancs n'ont pas encore joué la poussée f3, l'échange des Q peut
être évité et l'aile-roi des Noirs est assez affaiblie} Nf6 14. Nd5 $5 {
Donne une finale agréable а jouer pour les Blancs} (14. Kh1 {[%cal Gf2f4]} Be6
15. f4 $1 {[%cal Gf4f5]} Qc5 16. b3 Kh8 17. Qb2 {[%cal Gb2h8,Gc3d5];Seps,M 
(2143)-Partos,C (2328) SUI-chT Switzerland 2005 (2.8) 1-0} (17. f5 gxf5 18.
exf5 Bxf5 19. Nd5 $44)) 14... Nxd5 15. exd5 $1 {[%csl Re7]} (15. cxd5 $6 Bd7
$11 {[%cal Ga8c8]}) 15... e5 16. dxe6 Bxe6 17. b3 (17. Rac1 Rfd8 18. b3 Rac8 (
18... a5 $142 {[%cal Ga5a4]}) 19. Bf3 {[%csl Gd5]} Rd7 20. Rfd1 Rcd8 21. h4 $36
{[%csl Rg7,Rg8][%cal Gh4h5,Gh5h6]} Qc5 (21... d5 $2 22. c5 $16 {[%csl Rd5,Re6]
[%cal Gd2d4]}) 22. h5 $16 {Primel,D-Mercier,J (1945) 44 ch Aigrefeuille 2011
1-0} (22. Bd5 $142 {[%csl Rc5]})) (17. Rfd1 Rfd8 18. Rac1 a5 $1 {Ogaard,L 
(2460)-Maciejewski,A (2380) Lublin 1975 (1) 1/2}) 17... Rfd8 18. Bf3 $16 {
[%csl Gd5]}) 10. Bxd4 Nd7 {Un peu douteux} (10... Be6 {Plus courant mais les
Blancs ont l'initiative sur cette ligne} 11. Qd2 (11. f4 Qc8 $6 {[%csl Rc8]} (
11... Qa5) 12. Rc1 $1 {[%csl Rc8][%cal Gc3d5] Plus actif que b3 qui aurait
justifié le coup Qc8} (12. b3 {Panno,O-Najdorf,M Buenos Aires 1968 (4) 1/2})
12... a6 {[%cal Gb7b5]} 13. f5 $1 Bd7 (13... gxf5 $6 14. exf5 Bxf5 15. Nd5 Nxd5
16. cxd5 Bxd4+ 17. Qxd4 Qd7 18. Rc3 {[%cal Gc3g3]} Bg6 19. h4 {[%cal Gc3g3]} e5
20. dxe6 fxe6 21. Rd1 Rac8 (21... d5 22. h5 Be4 23. Rg3+) 22. Rg3 {[%cal Gh4h5]
} (22. h5 Rxc3 23. Qxc3 Be4) 22... e5 23. Qe3 {[%cal Gh4h5]} (23. Qxe5) 23...
Kh8 24. Qh6 {[%cal Gh6d6,Gd1d6,Gh4h5]} (24. h5) 24... Bf5 25. Rxd6 $36) 14. Nd5
Nxd5 15. cxd5 $16 {[%csl Rc8] Exploitant la position douteuse de la Q noire})
11... Qa5 12. Rad1 Rfc8 13. b3 a6 14. f4 $1 {[%cal Gf4f5]} (14. Bxf6 Bxf6 15.
Nd5 $14)) (10... Bd7 $142 {Retombe sur la grande ligne} 11. Qd2 Bc6) 11. Bxg7
$5 {Sur la grande ligne, l'échange des B de cases noires est plutôt dans
l'intérêt des Noirs car la finale avec le mauvais Be2 n'est pas trés favorable
aux Blancs mais la différence dans cette ligne est le fait que les Blancs
n'ont pas encore joué le coup f2f3} Kxg7 12. Qd4+ $1 {77 En ayant retardé la
poussée f2f3, non seulement le Be2 est moins mauvais mais les Noirs n'ont plus
l'option Qb6 échangeant les Q et le K noir est plutôt en insécurité} (12. Qd2
$143) 12... f6 {78} (12... Kg8 13. Rad1 {[%cal Gd4d8,Gc3d5]} Re8 14. Nd5 (14.
Kh1 {[%cal Gf2f4]})) 13. Rad1 $1 {71} (13. Rfd1 $143 {Il est moins logique de
jouer l'autre R car le plan des Blancs est plutôt d'attaquer а l'aile-roi} a5
14. b3 Nc5 15. Rab1 Be6 {Adams,M (2655)-Young,A (2435) New York op Newark 1995
(5) 1-0}) 13... Qb6 $6 $146 {58 Une nouveauté probablement trouvée devant
l'échiquier car les Noirs ont dépensé 20 mns sur cette réponse. Comme les
Noirs ne peuvent pas échanger les Q en l'absence d'affaiblissement de la
diagonale "a7g1", ce coup Qb6 ne sert pas а grand-chose et après Nd5, la Q
sera mal placée.} ({RR} 13... b6 14. f4 Bb7 15. Bg4 Nc5 16. b4 Na6 17. a3 Nc7
18. Rfe1 h5 19. Bh3 Bc8 20. Re3 Ne6 21. Qd5 Nc7 22. Qd3 Bxh3 23. Rxh3 Qe8 24.
Rg3 (24. Qe2 Rc8 (24... Ne6 25. Nd5) (24... Rh8 {[%csl Rh5]} 25. e5 dxe5 26.
fxe5 $40) 25. f5 $40 {[%csl Rg6,Rh5]}) 24... Qf7 25. h4 Rg8 26. Rf1 Rac8 27. f5
Kf8 28. e5 $1 {Polak,T (2525)-Piven,I (2380)/Schwarzach 1998/EXT 2000/1/2-1/2 
(54)}) (13... Qa5 {Petrosian,T-Tatai,S Venice 1967 (5) 1-0}) (13... Nc5 14. b4
$1 Ne6 15. Qd2 $16) 14. Qd2 $8 Nc5 15. Nd5 $1 $36 {[%csl Rb6,Re7][%cal Gb2b4]
67} Qd8 16. Qe3 {[%cal Gb2b4]} e5 $6 {[%csl Rd6][%cal Gc5e6,Ge6d4] Optimiste} (
16... e6 $6 17. Nc3 {[%csl Rd6]}) 17. Nc3 {[%csl Rd6] Il va manquer un tempo
aux Noirs pour jouer Ne6d4} (17. f4 $143 $6 exf4 18. Rxf4 Be6 (18... Ne6 19.
Rf2 {[%cal Gd1f1]}) 19. b4 (19. Rdf1) 19... Nd7 20. Rh4 {[%csl Rh6]} g5 21. Rh5
Ne5) 17... Ne6 18. Nb5 $1 {[%csl Rd6] "Statisme contre dynamisme" dirait
iossif mais le problème des Noirs est qu'il n'y a pas beaucoup de dynamisme
dans la position noire!} Bd7 19. Rxd6 Qe7 20. Bg4 $1 {[%csl Re6][%cal Gg4e6]
Un coup intermédiaire qui a probablement été oublié par les Noirs lorsqu'ils
ont joué le coup compromettant e7e5} (20. Qa3 $5 {[%cal Ga3e7]}) 20... Rfd8 21.
Bxe6 {44} Bxe6 {26} 22. Rxd8 Rxd8 23. b3 a6 24. Nc3 {[%cal Gc3d5]} Rd4 25. Nd5
Bxd5 26. cxd5 {[%csl Gd5] Malgré le matériel réduit, le P passé protégé donne
des bonnes chances aux Blancs.} f5 27. f3 Qc5 {[%cal Gc5g1]} 28. exf5 {32} (28.
Qf2 fxe4 29. fxe4 {[%cal Gf2f6,Gf2f7]}) 28... Rxd5 {15} 29. Qxc5 Rxc5 30. fxg6
hxg6 31. Rd1 {[%cal Gd1d7,Gd7b7]} Rc7 32. a4 (32. h4 $5 {[%cal Gg1h2,Gh2g3]})
32... Kf6 33. Rd6+ Kf5 34. Kf2 Rc2+ 35. Kg3 {17} Rc7 {01} 36. h4 Rh7 37. Rb6 (
37. Kh3 $5 g5 38. g4+ Kf4 39. Rf6+ Ke3 40. h5 {[%csl Gh5]} e4 41. fxe4 Kxe4 42.
Rb6 (42. Rf5 $2 Rxh5+) (42. a5)) 37... g5 38. hxg5 Kxg5 39. Kf2 e4 40. fxe4 Kf4
41. Re6 Rf7 42. a5 1-0

[Event "EU-ch 12th"]
[Site "Aix les Bains"]
[Date "2011.04.01"]
[Round "10"]
[White "Pelletier, Yannick"]
[Black "Bologan, Viktor"]
[Result "0-1"]
[WhiteElo "2593"]
[BlackElo "2671"]
[Annotator "Marchand,A/Primel,D"]
[PlyCount "62"]
[EventDate "2011.03.22"]
[EventType "swiss"]
[EventRounds "11"]
[EventCountry "FRA"]
[SourceTitle "CBM 142 Extra"]
[Source "ChessBase"]
[SourceDate "2011.06.27"]
[SourceVersion "1"]
[SourceVersionDate "2011.06.27"]
[SourceQuality "1"]
[TimeControl "40/5400+30:1800+30"]

1. Nf3 c5 2. c4 Nc6 3. d4 cxd4 4. Nxd4 g6 5. e4 Bg7 6. Be3 Nf6 7. Nc3 d6 8. Be2
O-O 9. O-O Bd7 (9... Nxd4 $5 {[%cal Gc8d7,Gd7c6] Evite la variante Nb3}) (9...
Ng4 $4 {Un coup naturel qui est une gaffe qui a fait chuter beaucoup de joueurs
} 10. Bxg4 Bxg4 11. Nxc6 Bxd1 12. Nxd8 $18 {[%cal Gd8b7] Les Blancs gagnent
une pièce. Le plus étonnant n'est pas tellement le nombre de joueurs parfois
forts qui sont tombés dans ce piège mais plutôt que sur la soixantaine de
parties dans les bases, les Blancs font ... 100%! En général dans les parties
а gaffe, il y a parfois des retournements de situation avec des nulles sauvées
voire des gains miraculeux mais pas dans cette variante.}) 10. Nb3 $5 {[%csl
Rd7] La même idée que Nc2, les Blancs gardent l'avantage d'espace en évitant
les échanges} (10. Nc2) (10. Qd2 {La grande ligne}) 10... a5 $1 {[%csl Rb3]
Nb3 ne présente pas que des avantages...} 11. Rc1 (11. Nd2 $142 Ne5 12. f3 (12.
h3 {[%cal Gf2f4]} Bc6 13. f4 Ned7 14. Bf3 $14 {Salgado Lopez,I (2626)
-Roganovic,M (2476) Wch U20 50th 2011 (10) 0-1}) 12... Bc6 13. Rc1 a4 {
Pelletier,Y (2583)-Troyke,C (2371) Zuerich op-A 34th 2010 (4) 1-0}) 11... a4
12. Nd2 {84} a3 $1 {[%csl Gb4] 78} 13. b3 Nb4 $132 {[%csl Gb4]} 14. f3 Bc6 $146
({RR} 14... Qa5 15. Ndb1 Rfc8 16. Rf2 Bc6 17. Bf1 Nd7 18. Qe1 Nc5 19. Rd1 Nxb3
20. axb3 a2 21. Nxa2 Nxa2 22. Qxa5 Rxa5 23. Bd2 Raa8 24. Be1 Bh6 25. Bd2 Bg7
26. Be1 Bh6 27. Bd2 Bg7 {1/2-1/2 Likavsky,T (2498)-Bezold,M (2509)/Austria 2009
}) 15. Ndb1 {[%cal Gd1d2,Gc3d5] 75} Nd7 {62} 16. Kh1 {58} Qa5 {100} 17. Bd2 Qb6
18. Qe1 {45 Les Blancs manquent de contre-jeu} e6 {57} 19. Na4 {30 le signe
que l'ouverture a mal tourné pour les Blancs} Rxa4 {52} 20. bxa4 {31} Nxa2 {
[%csl Ga3] 52} 21. Rd1 Bxa4 22. Ba5 {25} Qc5 {32} 23. Rd3 Bc2 24. Rxa3 Bxb1 25.
Rb3 {07} Bc2 {25} 26. Rxb7 Ba4 $19 27. Qd2 Ra8 28. Bc7 Qc6 29. Rfb1 Nc3 30.
R1b4 Nxe2 31. Qxe2 Bb5 0-1

[Event "Cupa Dinamo"]
[Site "Brasov"]
[Date "1998.??.??"]
[Round "9"]
[White "Badea, Bela"]
[Black "Moraru, Marius"]
[Result "0-1"]
[WhiteElo "2545"]
[BlackElo "2375"]
[Annotator "Marin,M"]
[PlyCount "70"]
[EventDate "1998.03.??"]
[EventType "tourn"]
[EventRounds "11"]
[EventCountry "ROU"]
[EventCategory "8"]
[SourceTitle "CBM 063 Extra"]
[Source "ChessBase"]
[SourceDate "1998.04.29"]
[SourceVersion "1"]
[SourceVersionDate "1998.04.29"]
[SourceQuality "1"]

1. Nf3 g6 2. c4 Bg7 3. d4 c5 4. e4 cxd4 5. Nxd4 Nc6 6. Be3 Nf6 7. Nc3 Nxd4 $5
8. Bxd4 O-O 9. Be2 d6 10. Qd2 (10. O-O Be6 $6 11. f4) 10... Qa5 $5 (10... Bd7
11. O-O Bc6) 11. f3 (11. O-O $2 Nxe4 $1 12. Nxe4 Qxd2 13. Nxd2 Bxd4 $19) 11...
Be6 12. a3 $6 Rfc8 13. b4 $6 {><c4} Qh5 14. Nd5 Bxd5 15. cxd5 Bh6 16. Qd3 Bf4
$36 17. Kf2 Bxh2 18. Kf1 $6 (18. Bxf6 exf6 19. g3 Qh3 20. f4 Rc2 $1 21. Qxc2
Qxg3+ 22. Kf1 Qh3+ 23. Kf2 (23. Ke1 $2 Bg3+ 24. Kd2 Bxf4+ $19) 23... Qg3+ $11)
18... Rc7 $44 19. Rd1 Rac8 20. Bg1 Rc3 21. Qb1 Qg5 22. Bxh2 (22. Rxh2 $5) 22...
Nh5 23. g4 Nf4 24. Bxf4 Qxf4 25. Rh3 Qe3 $17 26. e5 Rc2 27. Rh2 (27. Re1 Rc1
$19) 27... dxe5 28. Rf2 e4 29. fxe4 R8c3 30. e5 Qh3+ 31. Ke1 (31. Rg2 Qh1+ 32.
Kf2 (32. Rg1 Rf3+) 32... Rxe2+ 33. Kxe2 Qxg2+ 34. Ke1 Re3#) 31... Qh1+ 32. Rf1
Qg2 33. Rf2 Qg1+ 34. Rf1 Rxe2+ 35. Kxe2 Qe3# 0-1

[Event "BCF-ch 89th"]
[Site "Torquay"]
[Date "2002.07.30"]
[Round "2"]
[White "Ward, Christopher"]
[Black "McShane, Luke J"]
[Result "1-0"]
[WhiteElo "2498"]
[BlackElo "2544"]
[Annotator "McShane,L"]
[PlyCount "137"]
[EventDate "2002.07.29"]
[EventType "swiss"]
[EventRounds "11"]
[EventCountry "ENG"]
[SourceTitle "CBM 091"]
[Source "ChessBase"]
[SourceDate "2002.11.12"]
[SourceVersion "1"]
[SourceVersionDate "2002.11.12"]
[SourceQuality "1"]

1. d4 {Tsesarsky} Nf6 2. c4 g6 3. f3 Bg7 4. e4 d6 5. Be3 O-O 6. Qd2 c5 7. Ne2
cxd4 (7... Nc6 8. d5 Ne5 9. Nec3 $5) 8. Nxd4 Nc6 9. Nc3 Nxd4 10. Bxd4 Be6 {
With a pawn already on f3, it makes more sense to attack c4 rather than Bd7-c6}
11. Nd5 $5 {'=?!' Tsesarsky. Not terrifying, but Ward was wary of Tsesarsky,I:
'This rare move is not in the spirit of this variation. White should avoid
piece exchanges because of his space advantage.'} (11. Be2 a6 12. O-O Qa5 13.
Rfd1 Rfc8 $13) ({The mainlines are} 11. Rc1) (11. Be2 {1-0 Gritsak,O-Sosnicki,
M/Swidnica 1999/CBM 71 (43)}) 11... Bxd5 ({Exceptable also is} 11... Nd7 12.
Bxg7 (12. Be3 $5) 12... Kxg7 13. Nf4 Ne5 14. b3 Qb6 15. h4 a5 16. h5 Qb4 17.
Rc1 Qxd2+ 18. Kxd2 Rfc8 $11 {1/2-1/2 Kovacevic,V-Poulsson,E/Oslo 1973/MCD (43)}
) 12. exd5 (12. cxd5 Nd7 13. Be3 Nc5 $5 14. Be2 $140 Qb6 15. Rb1 a5 16. O-O Qb4
$36) 12... Re8 $5 (12... Nd7 13. Bxg7 Kxg7 14. O-O-O a5 (14... Rc8 15. h4 Nf6
16. g4 $14) 15. h4 h5 16. Be2 Rh8 17. Qd4+ Kg8 18. Kb1 $14 {1/2-1/2 Hoi,
C-Antonsen,M/Lyngby 1991/EXT 2000 (45)}) (12... Qc7 13. Be2 a5 14. h4 Rfe8 15.
O-O-O b5 16. Kb1 bxc4 17. Rc1 Qb7 18. Bxc4 a4 19. h5 Nxh5 20. Bxg7 Kxg7 21. g4
Nf6 22. Qh6+ Kh8 23. g5 Rab8 24. Rc2 Nh5 25. Bd3 $18 {1-0 Hoi,C-Mortensen,E/
DEN-ch 1992/TD (53)}) 13. O-O-O {'!?' Tsesarsky. Tsesarsky: 'The main idea of
this variation. White feels more comfortable to increase his initiative on the
kingside because of his space advantage, but 3 pairs of pieces are already
disappeard from the board. On the other hand, Black has enough resources to
neutralize it.'} (13. Be2 e5 14. dxe6 (14. Be3 a5 {is very comfortable for
Black.}) 14... Rxe6 15. O-O Qe7 16. Rf2 Re8 $36 {[%csl Ge6,Ge7,Ge8]}) 13... a6
({Or} 13... Rc8 14. Kb1 Nd7 15. Bxg7 Kxg7 16. h4 $36) 14. Kb1 Qd7 15. g4 b5 16.
g5 Nh5 17. Bxg7 Kxg7 (17... Nxg7 $5 {is also possible.}) 18. h4 bxc4 19. Bh3 (
19. Bxc4 Rec8 {is very comfortable for me.}) 19... Qb5 {The best square.} 20.
Qd4+ (20. Qc3+ Kg8 21. Rd4 $5) 20... Kg8 21. Rc1 Rab8 ({I only half noticed
the Fritz-like} 21... Ng3 $1 22. h5 (22. Rhe1 c3 $1 {with a fork on e2
whichever way White recaptures, so} 23. Rc2 cxb2 $17) (22. Rh2 c3) 22... Nxh1 (
22... gxh5 23. Rhe1 c3 24. Rc2 {and my knight is in trouble.}) 23. hxg6 hxg6
24. Rxh1 c3 $1 (24... e5 25. dxe6 Qe5 26. exf7+ Kxf7 27. Qxc4+ $44) 25. Qxc3
Qc5 $1 {and Black is much better when the queens come off.}) 22. Rxc4 Nf4 23.
Bd7 $1 {If Bh3-f1, d5 will drop off, and anything else allows Nf4-e2, causing
an accident.} Qxd7 24. Qxf4 Qb5 (24... Rb5 25. h5 (25. Rd1 Qb7 26. Qd4 Rc8 $132
) 25... Rxd5 (25... Qf5+ $5 26. Qxf5 gxf5 27. Rd1 h6 28. f4) 26. hxg6 fxg6 (
26... hxg6 27. Qh4 $18) 27. Rxh7 $1 Qe6 $5 (27... Qf5+ 28. Qxf5 Rxf5 29. Rch4
$14) 28. Rh6 Qf5+ 29. Qxf5 Rxf5 30. Rxg6+ Kf7 31. Rh6 Rxg5) 25. Qd4 e5 26. dxe6
Rxe6 27. Rhc1 Qf5+ 28. Ka1 Rbe8 $11 ({Bad is} 28... Qxf3 $2 {in view of} 29.
Rc8+ Re8 30. Rxb8 Rxb8 31. Qxd6 Re8 32. Qxa6 Qe3 33. Qc4 Qd2 34. a3 $16) 29.
Qf4 $5 Re5 (29... Qxf4 30. Rxf4 f6 31. Ra4 (31. gxf6 Rf8 $11) 31... d5 32. Kb1
Kf7 $11) 30. a3 a5 31. Qxf5 Rxf5 {[%csl Gf5]} 32. f4 Kg7 (32... Re2 33. Rd1 Rb5
$11) 33. Rd1 d5 $2 {I missed 36.Raxd5!} (33... Re6 {must still be okay.}) 34.
Ra4 Re4 35. Rxa5 Rfxf4 36. Raxd5 $1 {[%csl Gd1,Gd5][%cal Gd1d5,Gd4d1]} (36.
Rdxd5 Rxh4 37. Rd8 h6 $1) 36... Rxh4 37. b4 $1 {Now my counterplay across the
ranks is pointless, as White's rooks can block anything.} h6 (37... Re3 38.
R1d3) 38. gxh6+ Kxh6 39. b5 f5 $6 40. b6 Ra4 41. Kb2 (41. b7 $4 Rhb4 {[%csl
Ra1,Ga4,Gb4,Rb7]}) 41... Ra8 42. Rd8 Rh2+ 43. Kb3 $2 (43. Kb1 $1 $18 Rxd8 (
43... Ra6 44. Rh8+ $18) 44. Rxd8 $18) (43. Kc1 $4 Rxa3 $1 44. Rh8+ Kg5 45. Rxh2
Ra1+ 46. Kd2 Ra2+ 47. Ke3 Rxh2 48. Rb1 Rh8 49. b7 Rb8) 43... Rh3+ 44. R1d3
Rxd3+ 45. Rxd3 {I think this is just about winning for White now, though he
had to work very hard to find the right plan.} f4 (45... Rb8 $143 46. Rd6 f4 {
I calculated as winning for him, my pinned g-pawn is a real pain.} 47. a4 f3
48. a5 Rf8 49. Rd1 g5 (49... f2 50. Rf1 g5 51. b7 g4 52. Rxf2 $18) 50. b7 g4
51. a6 g3 52. a7 $18) 46. Kc2 $1 {Blocking the pawns with the king is the best
way to win.} (46. a4 g5 47. Kb4 g4 48. a5 g3 49. b7 Rf8 50. a6 g2 51. Rd1 f3
52. a7 f2 {Just in time!} 53. b8=Q f1=Q) 46... g5 47. b7 Rb8 48. Rb3 g4 49. Kd2
Kg5 50. Ke2 f3+ (50... Kh4 51. Kf2 g3+ 52. Kg2 f3+ (52... Kg4 53. Rb4 $1 $18 {
[%cal Ya3a7]}) 53. Kxf3 Kh3 54. Rb5 (54. Kf4 Kh2) 54... Rf8+ (54... Kh2 55.
Rh5+ Kg1 56. Kxg3 Rxb7 57. Rf5 $1 {[%csl Rg1]}) 55. Ke4 Rb8 (55... g2 56. b8=Q
Rxb8 57. Rxb8 g1=Q 58. Rh8+ Kg2 59. Rg8+ $18) 56. Kd5 g2 57. Rb1 g1=Q 58. Rxg1
Rxb7 $16) 51. Kf2 Kf4 52. Rb4+ Ke5 53. a4 Kd6 54. a5 Kc7 55. a6 g3+ $8 56. Kxg3
Rg8+ 57. Kxf3 Kb8 58. Re4 $18 Ka7 59. Re6 $18 {[%csl Ge6]} Rf8+ 60. Kg4 Rg8+
61. Kf5 Rd8 62. Kf6 Rf8+ 63. Kg7 (63. Ke7 $6 Rf1) 63... Rd8 64. Kf7 Rd7+ 65.
Re7 Rd1 66. Re8 Rf1+ 67. Kg6 Rg1+ 68. Kh5 Rg8 69. Rxg8 1-0